[Event "Aeroflot Open A 2018"]
[Site "Moscow RUS"]
[Date "2018.02.26"]
[Round "7.23"]
[White "Jumabayev, Rinat"]
[Black "Abdusattorov, Nodirbek"]
[Result "1-0"]
[WhiteTitle "GM"]
[BlackTitle "IM"]
[WhiteElo "2614"]
[BlackElo "2516"]
[WhiteFideId "13702661"]
[BlackFideId "14204118"]
[EventDate "2018.02.20"]

1. Nf3 Nf6 2. e3 c5 3. d4 d5 4. dxc5 e6 5. a3 a5 6. c4 Bxc5 7. Nc3 Nc6 8. b3 O-O
9. Bb2 Qe7 10. cxd5 Rd8 11. Be2 exd5 12. Nb5 Bf5 13. O-O Be4 14. Nfd4 Rac8 15.
Ra2 Nxd4 16. Bxd4 Bxd4 17. Qxd4 Nd7 18. Qd2 Nc5 19. Nd4 a4 20. bxa4 Nxa4 21. Rc1
Nb6 22. Raa1 Rxc1+ 23. Qxc1 Ra8 24. Qc3 h6 25. Qb3 Nc4 26. a4 Qg5 27. g3 Nd6 28.
Rc1 Qe7 29. Qb4 Qd7 30. a5 Re8 31. Rc5 Re5 32. Qb2 Qh3 33. f3 Bg6 34. a6 Kh7 35.
a7 Re8 36. Rxd5 1-0

[Event "Aeroflot Open A 2018"]
[Site "Moscow RUS"]
[Date "2018.02.26"]
[Round "7.24"]
[White "Wen, Yang"]
[Black "Sorokin, Aleksey"]
[Result "1/2-1/2"]
[WhiteTitle "GM"]
[BlackTitle "FM"]
[WhiteElo "2608"]
[BlackElo "2511"]
[WhiteFideId "8602956"]
[BlackFideId "24176460"]
[EventDate "2018.02.20"]

1. e4 c5 2. Nf3 e6 3. d4 cxd4 4. Nxd4 Nc6 5. g3 d5 6. Nc3 dxe4 7. Nxc6 Qxd1+ 8.
Kxd1 bxc6 9. Nxe4 Bb7 10. Bd3 Nf6 11. Nxf6+ gxf6 12. Ke2 h5 13. h4 Bd6 14. Be3
Kd8 15. a4 a5 16. Rhd1 Kc7 17. Rd2 Rhd8 18. Rad1 Be5 19. c3 Ba6 20. Bxa6 Rxd2+
21. Rxd2 Rxa6 22. Bc5 f5 23. f4 Bf6 24. Bd6+ Kc8 25. Kd3 Ra7 26. Kc4 Rd7 27. Rd3
Bd8 28. Rd4 Kb7 29. b4 axb4 30. cxb4 Bb6 31. Bc5 Rxd4+ 32. Bxd4 Bxd4 33. Kxd4 f6
34. Kc5 e5 35. Kc4 Kb6 36. Kc3 e4 37. Kd4 1/2-1/2

[Event "Aeroflot Open A 2018"]
[Site "Moscow RUS"]
[Date "2018.02.26"]
[Round "7.25"]
[White "Kobalia, Mikhail"]
[Black "Hakobyan, Aram"]
[Result "1/2-1/2"]
[WhiteTitle "GM"]
[BlackTitle "IM"]
[WhiteElo "2599"]
[BlackElo "2497"]
[WhiteFideId "4119150"]
[BlackFideId "13306677"]
[EventDate "2018.02.20"]

1. e4 e5 2. Nf3 Nc6 3. Bb5 a6 4. Ba4 Nf6 5. O-O Nxe4 6. d4 b5 7. Bb3 d5 8. dxe5
Be6 9. Qe2 Nc5 10. Rd1 Nxb3 11. axb3 Be7 12. Nbd2 O-O 13. Nf1 Qd7 14. Bg5 Rfd8
15. h3 Bxg5 16. Nxg5 h6 17. Nf3 Qe7 18. c3 d4 19. Nxd4 Nxd4 20. Rxd4 Rxd4 21.
cxd4 Qb4 22. Qd2 Qxd2 23. Nxd2 Rd8 24. Nf3 Bxb3 25. Rxa6 Bd1 26. Ra3 Bxf3 27.
Rxf3 1/2-1/2

[Event "Aeroflot Open A 2018"]
[Site "Moscow RUS"]
[Date "2018.02.26"]
[Round "7.26"]
[White "Tari, Aryan"]
[Black "Karavade, Eesha"]
[Result "1-0"]
[WhiteTitle "GM"]
[BlackTitle "IM"]
[WhiteElo "2597"]
[BlackElo "2386"]
[WhiteFideId "1510045"]
[BlackFideId "5012600"]
[EventDate "2018.02.20"]

1. e4 e5 2. Nf3 Nc6 3. Bb5 Nf6 4. d3 Bc5 5. c3 O-O 6. Bg5 Be7 7. O-O d6 8. Ba4
h6 9. Be3 Re8 10. d4 Bd7 11. d5 Nb8 12. Bc2 c5 13. a4 Bg4 14. Nbd2 Bh5 15. h3
Nh7 16. g4 Bg6 17. Kg2 h5 18. Nxe5 dxe5 19. gxh5 Nf8 20. hxg6 Nxg6 21. Kh1 Nd7
22. Rg1 Nf6 23. Qf3 Nh7 24. Nc4 Bd6 25. Rg4 Nf4 26. Rag1 g6 27. Bxf4 exf4 28.
Rxg6+ fxg6 29. Rxg6+ Kh8 30. Nxd6 Rf8 31. e5 Qh4 32. Nf5 Qd8 33. Rh6 1-0

[Event "Aeroflot Open A 2018"]
[Site "Moscow RUS"]
[Date "2018.02.26"]
[Round "7.27"]
[White "Aryan, Chopra"]
[Black "Svane, Rasmus"]
[Result "1-0"]
[WhiteTitle "GM"]
[BlackTitle "GM"]
[WhiteElo "2509"]
[BlackElo "2586"]
[WhiteFideId "5084423"]
[BlackFideId "4657101"]
[EventDate "2018.02.20"]

1. e4 c6 2. d4 d5 3. Nd2 dxe4 4. Nxe4 Nf6 5. Nxf6+ exf6 6. c3 Bd6 7. Bd3 O-O 8.
Qc2 Re8+ 9. Ne2 h5 10. Be3 Nd7 11. O-O-O Nf8 12. Kb1 Be6 13. c4 Rc8 14. h3 h4
15. Qd2 Ng6 16. Nc3 Bb4 17. a3 Bxc3 18. Qxc3 b5 19. d5 cxd5 20. c5 a6 21. Bc2
Qc7 22. Rhg1 a5 23. g3 hxg3 24. Rxg3 Rb8 25. b4 axb4 26. axb4 Qc8 27. Qd3 d4 28.
Bxd4 Bc4 29. Qf5 Qa6 30. Bb2 Re2 31. Re3 Rxe3 32. fxe3 Be6 33. Qe4 Re8 34. Rd6
Qc8 35. Qd4 Ne5 36. Qe4 Ng6 37. Qf3 Nh4 38. Qh5 Nf5 39. Rd2 Re7 40. Bxf6 Re8 41.
Rg2 1-0

[Event "Aeroflot Open A 2018"]
[Site "Moscow RUS"]
[Date "2018.02.26"]
[Round "7.29"]
[White "Shinkevich, Vitaly"]
[Black "Petrosyan, Manuel"]
[Result "1/2-1/2"]
[WhiteTitle "IM"]
[BlackTitle "GM"]
[WhiteElo "2454"]
[BlackElo "2569"]
[WhiteFideId "4122690"]
[BlackFideId "13300857"]
[EventDate "2018.02.20"]

1. d4 Nf6 2. Nf3 g6 3. c4 Bg7 4. g3 O-O 5. Bg2 d6 6. Nc3 Nbd7 7. O-O e5 8. e4
exd4 9. Nxd4 Re8 10. h3 Nc5 11. Re1 Bd7 12. Kh2 h6 13. Rb1 a6 14. f4 Rb8 15. b4
Ne6 16. Be3 b5 17. cxb5 axb5 18. Rc1 Nxd4 19. Bxd4 c6 20. Rc2 Be6 21. Rd2 Qc8
22. e5 dxe5 23. Bxe5 Ra8 24. Qa1 Bc4 25. Rd6 Re6 26. Rxe6 Bxe6 27. a3 Nh5 28.
Bxg7 Nxg7 29. Ne4 Ne8 30. Rc1 Bd5 31. Qc3 Qa6 32. Ra1 Qa7 1/2-1/2

[Event "Aeroflot Open A 2018"]
[Site "Moscow RUS"]
[Date "2018.02.26"]
[Round "7.31"]
[White "Sjugirov, Sanan"]
[Black "Lomasov, Semen"]
[Result "1-0"]
[WhiteTitle "GM"]
[BlackTitle "IM"]
[WhiteElo "2652"]
[BlackElo "2530"]
[WhiteFideId "4189302"]
[BlackFideId "24164879"]
[EventDate "2018.02.20"]

1. e4 e5 2. Nf3 Nc6 3. Bb5 a6 4. Ba4 Nf6 5. O-O Nxe4 6. d4 b5 7. Bb3 d5 8. dxe5
Be6 9. Nbd2 Be7 10. c3 Nc5 11. Bc2 d4 12. Nb3 d3 13. Bb1 Nxb3 14. axb3 Bf5 15.
Be3 O-O 16. Bd4 Qd5 17. Re1 d2 18. Bxf5 dxe1=Q+ 19. Qxe1 g6 20. Qe4 Qxb3 21.
Qxc6 gxf5 22. Qxc7 Qe6 23. Re1 Rfc8 24. Qa5 Rc6 25. Qa1 Rd8 26. Be3 Qd5 27. Nd4
Rg6 28. g3 Bc5 29. Nxf5 Qxe5 30. Nh6+ Kf8 31. Bd4 Qh5 32. Re5 Qxh6 33. Rxc5 Qd2
34. Re5 Re6 35. Qa3+ Kg8 36. Rxe6 fxe6 37. Qe7 Qe1+ 38. Kg2 Qe4+ 39. f3 Qc2+ 40.
Kh3 Qf5+ 41. Kh4 Qf8 42. Qxe6+ Qf7 43. Qe5 Qf8 44. Qh8+ Kf7 45. Qxh7+ Ke8 46.
Qg6+ Qf7 47. Qxa6 Qe7+ 48. Kg4 1-0

[Event "Aeroflot Open A 2018"]
[Site "Moscow RUS"]
[Date "2018.02.26"]
[Round "7.32"]
[White "Triapishko, Alexandr"]
[Black "Sarana, Alexey"]
[Result "1/2-1/2"]
[WhiteTitle "IM"]
[BlackTitle "GM"]
[WhiteElo "2530"]
[BlackElo "2577"]
[WhiteFideId "14122286"]
[BlackFideId "24133795"]
[EventDate "2018.02.20"]

1. e4 c5 2. Nf3 d6 3. d4 cxd4 4. Nxd4 Nf6 5. f3 Nc6 6. c4 Qb6 7. Nc2 e6 8. Nc3
Be7 9. Rb1 O-O 10. Be3 Qc7 11. Qd2 Rd8 12. Rd1 d5 13. cxd5 exd5 14. exd5 Nb4 15.
Nxb4 Bxb4 16. Kf2 Be6 17. Qc1 Bf5 18. Bd3 Bxd3 19. Rxd3 Rac8 20. g3 Qa5 1/2-1/2

[Event "Aeroflot Open A 2018"]
[Site "Moscow RUS"]
[Date "2018.02.26"]
[Round "7.33"]
[White "Vavulin, Maksim"]
[Black "Praggnanandhaa, R"]
[Result "1/2-1/2"]
[WhiteTitle "IM"]
[BlackTitle "IM"]
[WhiteElo "2575"]
[BlackElo "2507"]
[WhiteFideId "4169530"]
[BlackFideId "25059530"]
[EventDate "2018.02.20"]

1. e4 c5 2. Nf3 e6 3. d4 cxd4 4. Nxd4 a6 5. Bd3 Bc5 6. Nb3 Be7 7. Qg4 g6 8. Qe2
d6 9. a4 Nc6 10. Na3 Ne5 11. Nc4 Nxc4 12. Bxc4 Qc7 13. a5 Bd7 14. O-O Nf6 15.
Bg5 Bc6 16. Bd3 Nh5 17. Bh6 Bf6 18. c3 d5 19. Nd4 dxe4 20. Bxe4 Bxe4 21. Qxe4
Bg7 22. Bg5 O-O 23. Qf3 h6 24. Be3 Kh7 25. Nc2 Nf6 26. Nb4 Nd7 27. Rfd1 Ne5 28.
Qg3 Rac8 29. Bb6 Qe7 30. Bd4 Qg5 31. f4 Qxg3 32. hxg3 Nc4 33. b3 Bxd4+ 34. Rxd4
Ne3 35. Rd3 Ng4 36. c4 Rfd8 37. Rad1 Rxd3 38. Rxd3 Nf6 39. Rd6 Rc7 40. Nd3 Ne4
41. Rd8 Nd2 42. Nc1 Ne4 43. g4 g5 44. Rd4 Nf6 45. fxg5 hxg5 46. Nd3 Kg7 47. b4
Nd7 48. b5 Nc5 49. Nc1 Kf6 50. Kf2 e5 51. Rd5 axb5 52. cxb5 Ke6 53. Rd8 Ke7 54.
Rd5 Ke6 55. Rd8 Ke7 56. Rd5 Ke6 1/2-1/2

[Event "Aeroflot Open A 2018"]
[Site "Moscow RUS"]
[Date "2018.02.26"]
[Round "7.34"]
[White "Gholami, Aryan"]
[Black "Narayanan, S.L."]
[Result "1/2-1/2"]
[WhiteTitle "IM"]
[BlackTitle "GM"]
[WhiteElo "2489"]
[BlackElo "2573"]
[WhiteFideId "12513342"]
[BlackFideId "5058422"]
[EventDate "2018.02.20"]

1. d4 Nf6 2. Nf3 g6 3. Bg5 Bg7 4. Nbd2 O-O 5. e4 d6 6. c3 Nc6 7. Bc4 h6 8. Bh4
Nxe4 9. Nxe4 d5 10. Bd3 dxe4 11. Bxe4 f5 12. Bc2 g5 13. Bxg5 hxg5 14. Nxg5 Qe8
15. f4 e6 16. Qe2 Bh6 17. h4 Bd7 18. O-O-O Kh8 19. Rde1 Qg6 20. g4 Rae8 21. Kb1
Qf6 22. Ne4 fxe4 23. g5 Qxf4 24. Bxe4 Ne7 25. Rhf1 Qxh4 26. Rh1 Qxg5 27. Reg1
Qf6 28. Qh5 Ng8 29. Rg6 Qf4 30. Rg4 Qf6 31. Rg6 Qf4 32. Rg4 Qf6 1/2-1/2

[Event "Aeroflot Open A 2018"]
[Site "Moscow RUS"]
[Date "2018.02.26"]
[Round "7.35"]
[White "Chigaev, Maksim"]
[Black "Pavlov, Sergey2"]
[Result "1-0"]
[WhiteTitle "GM"]
[BlackTitle "IM"]
[WhiteElo "2560"]
[BlackElo "2485"]
[WhiteFideId "4108116"]
[BlackFideId "14114330"]
[EventDate "2018.02.20"]

1. g3 d5 2. Bg2 g6 3. c4 c6 4. Qa4 d4 5. d3 Bg7 6. Nf3 e5 7. O-O Ne7 8. b4 O-O
9. Nbd2 h6 10. h4 Be6 11. Bb2 Nd7 12. Rfe1 Re8 13. Qc2 Nf5 14. Nb3 Qc7 15. Nfd2
Rab8 16. Ne4 b6 17. a4 Bf8 18. b5 c5 19. a5 Ne7 20. axb6 axb6 21. e3 f5 22. Ned2
Bf7 23. exd4 cxd4 24. Ra4 Bd5 25. Nf3 Bb7 26. Ra7 Bg7 27. Ba3 Nc8 28. Rxb7 Qxb7
29. Nfxd4 e4 30. dxe4 Qc7 31. Nc6 Ra8 32. Bb4 f4 33. e5 fxg3 34. fxg3 Nf8 35.
Bxf8 Rxf8 36. Qxg6 Ra3 37. Bd5+ Kh8 38. Be4 1-0

[Event "Aeroflot Open A 2018"]
[Site "Moscow RUS"]
[Date "2018.02.26"]
[Round "7.36"]
[White "Shevchenko, Kirill"]
[Black "Raja, Harshit"]
[Result "1-0"]
[WhiteTitle "GM"]
[BlackTitle "IM"]
[WhiteElo "2538"]
[BlackElo "2448"]
[WhiteFideId "14129574"]
[BlackFideId "5089000"]
[EventDate "2018.02.20"]

1. e4 c5 2. Nf3 d6 3. d4 cxd4 4. Nxd4 Nf6 5. Nc3 a6 6. Be3 e5 7. Nb3 Be6 8. h3
Nbd7 9. g4 Rc8 10. Bg2 Nb6 11. Bxb6 Qxb6 12. g5 Nd7 13. h4 Rxc3 14. bxc3 Be7 15.
Bh3 Nf8 16. Rb1 Qc6 17. Qd3 Ng6 18. Na5 Qa4 19. Bxe6 fxe6 20. Nxb7 O-O 21. c4
Qc6 22. f3 h6 23. gxh6 Nf4 24. Qb3 gxh6 25. Na5 Qe8 26. Kd2 Kh8 27. Qb7 Bf6 28.
Rhg1 d5 29. Qc7 dxe4 30. Nc6 Rf7 31. Qb8 Qxb8 32. Rxb8+ Kh7 33. fxe4 Rc7 34. Nb4
Bxh4 35. Nd3 Bg5 36. Rgb1 Nd5+ 37. Ke1 Bh4+ 38. Kf1 Rf7+ 39. Kg1 Rg7+ 40. Kh1
Nc3 41. R1b7 Nxe4 42. Rxg7+ Kxg7 43. c5 1-0

[Event "Aeroflot Open A 2018"]
[Site "Moscow RUS"]
[Date "2018.02.26"]
[Round "7.37"]
[White "Liu, Yan"]
[Black "Xu, Yinglun"]
[Result "1/2-1/2"]
[WhiteTitle "IM"]
[BlackTitle "GM"]
[WhiteElo "2476"]
[BlackElo "2538"]
[WhiteFideId "8608962"]
[BlackFideId "8604940"]
[EventDate "2018.02.20"]

1. d4 e6 2. Nf3 Nf6 3. Bf4 d5 4. e3 Bd6 5. Bg3 O-O 6. Nbd2 b6 7. Bd3 Bb7 8. c3
Nbd7 9. O-O Bxg3 10. hxg3 c5 11. Qe2 Qe7 12. e4 dxe4 13. Nxe4 Rac8 14. Rad1 Rfd8
15. Rfe1 1/2-1/2

[Event "Aeroflot Open A 2018"]
[Site "Moscow RUS"]
[Date "2018.02.26"]
[Round "7.38"]
[White "Repka, Christopher"]
[Black "Abdumalik, Zhansaya"]
[Result "1-0"]
[WhiteTitle "IM"]
[BlackTitle "IM"]
[WhiteElo "2513"]
[BlackElo "2449"]
[WhiteFideId "14918781"]
[BlackFideId "13703544"]
[EventDate "2018.02.20"]

1. Nf3 Nf6 2. c4 c5 3. Nc3 d5 4. cxd5 Nxd5 5. e4 Nb4 6. Bb5+ N8c6 7. d4 cxd4 8.
a3 dxc3 9. Qxd8+ Kxd8 10. axb4 cxb2 11. Bxb2 f6 12. e5 Bg4 13. Bxc6 bxc6 14. Nd4
Kd7 15. Ra6 e6 16. Nxc6 Be7 17. f3 Bf5 18. O-O Rhc8 19. Rd1+ Ke8 20. b5 Bc2 21.
Nxe7 Kxe7 22. exf6+ gxf6 23. Rc1 Bf5 24. Rxc8 Rxc8 25. Rxa7+ Kd6 26. Ba3+ Ke5
27. b6 Rb8 28. Ra5+ Kd4 29. Bd6 Rb7 30. Bc7 e5 31. f4 Bd7 32. fxe5 fxe5 33.
Bxe5+ Kd3 34. Bc7 Be8 35. Kf2 Bg6 36. Re5 Be4 37. g4 Kd4 38. Kg3 Bg6 39. Kf4 1-0

[Event "Aeroflot Open A 2018"]
[Site "Moscow RUS"]
[Date "2018.02.26"]
[Round "7.39"]
[White "Indjic, Aleksandar"]
[Black "Tran, Tuan Minh"]
[Result "1-0"]
[WhiteTitle "GM"]
[BlackTitle "GM"]
[WhiteElo "2612"]
[BlackElo "2522"]
[WhiteFideId "911925"]
[BlackFideId "12401820"]
[EventDate "2018.02.20"]

1. d4 Nf6 2. c4 e6 3. Nc3 Bb4 4. Qc2 b6 5. e4 c5 6. d5 Qe7 7. Ne2 exd5 8. exd5
O-O 9. Bd2 d6 10. f3 Ba6 11. O-O-O Bxc4 12. Ng3 Bxf1 13. Rhxf1 Nbd7 14. Nf5 Qd8
15. Bg5 Bxc3 16. Qxc3 b5 17. Nxd6 b4 18. Qc2 a5 19. Rfe1 a4 20. Qc4 Qb8 21. Nf5
a3 22. b3 Qxh2 23. Qc2 Rfe8 24. Ne7+ Kf8 25. d6 Ra6 26. Qd2 Rxd6 27. Qxd6 Qxd6
28. Rxd6 Rxe7 29. Rxe7 Kxe7 30. Rc6 Ne5 31. Bxf6+ gxf6 32. Rb6 h5 33. Kd2 h4 34.
f4 Nd7 35. Rc6 f5 36. Kd3 Kd8 1-0

[Event "Aeroflot Open A 2018"]
[Site "Moscow RUS"]
[Date "2018.02.26"]
[Round "7.40"]
[White "Dragnev, Valentin"]
[Black "Oparin, Grigoriy"]
[Result "0-1"]
[WhiteTitle "IM"]
[BlackTitle "GM"]
[WhiteElo "2461"]
[BlackElo "2607"]
[WhiteFideId "1634852"]
[BlackFideId "24125890"]
[EventDate "2018.02.20"]

1. d4 Nf6 2. c4 e6 3. Nc3 Bb4 4. e3 O-O 5. Nf3 c5 6. Bd3 Nc6 7. O-O Bxc3 8. bxc3
d6 9. e4 e5 10. d5 Ne7 11. Nh4 Ng6 12. Nf5 Nf4 13. Bc2 g6 14. Ne3 N4h5 15. g3
Ng7 16. f4 exf4 17. gxf4 Qe7 18. Qf3 Bd7 19. Re1 Rae8 20. Ng2 Nfh5 21. Be3 Qd8
22. Bf2 Qc8 23. Bh4 Bg4 24. Qf2 Bh3 25. Ba4 Bd7 26. Bc2 f6 27. Bg3 Bh3 28. Re3
f5 29. e5 dxe5 30. Ba4 Bxg2 31. Bxe8 Nxe8 32. Kxg2 e4 33. a4 Qc7 34. Kh1 Nd6 35.
Qf1 Qa5 36. Bh4 Rf7 37. Bg5 Qa6 38. Rh3 Qxc4 39. Qg2 Ng7 40. Qd2 Nge8 41. a5 Rd7
42. Rd1 Nf7 43. Rg3 Nc7 44. Qg2 Rxd5 45. Rg1 Rd6 46. Qh3 Nd5 47. Qh4 e3 48. Rh3
Qe4+ 49. Rg2 Nf6 0-1

[Event "Aeroflot Open A 2018"]
[Site "Moscow RUS"]
[Date "2018.02.26"]
[Round "7.41"]
[White "Kulaots, Kaido"]
[Black "Debashis, Das"]
[Result "1-0"]
[WhiteTitle "GM"]
[BlackTitle "GM"]
[WhiteElo "2582"]
[BlackElo "2501"]
[WhiteFideId "4500261"]
[BlackFideId "5024854"]
[EventDate "2018.02.20"]

1. e4 c5 2. Nc3 d6 3. f4 g6 4. Nf3 Bg7 5. Bb5+ Bd7 6. Bc4 Nc6 7. O-O Na5 8. Be2
Nf6 9. d3 O-O 10. Qe1 Nc6 11. Qh4 Nd4 12. Bd1 e6 13. Nxd4 cxd4 14. Nb1 Ne8 15.
Qxd8 Rxd8 16. Nd2 e5 17. Nc4 Be6 18. Na5 Bc8 19. Rb1 Nc7 20. c4 exf4 21. Bxf4
Ne6 22. Bd2 Be5 23. b4 Kg7 24. Rc1 Rd7 25. c5 dxc5 26. bxc5 Rc7 27. Nc4 Bf6 28.
Ba5 Rc6 29. Ba4 Rxc5 30. Bb4 Bg5 31. Rc2 b6 32. Bxc5 Nxc5 33. Bb5 Nxd3 34. Nxb6
axb6 35. Bxd3 Be6 36. Ra1 Ra8 37. a4 Bb3 38. Rc7 Rxa4 39. Rxa4 Bxa4 40. Bc4 Be8
41. Rb7 b5 42. Bxb5 Bxb5 43. Rxb5 Be3+ 44. Kf1 h5 45. Ke2 Kf6 46. Kd3 Bg1 47. h3
Be3 48. Rb1 Ke6 49. Rf1 Ke7 50. e5 Ke6 51. Ke4 Ke7 52. Rf3 Ke6 53. Rf6+ Ke7 54.
Rb6 Bf2 55. Rc6 Bg1 56. Ra6 Bf2 57. Rb6 Bg1 58. Kd5 Bf2 59. Rb7+ Kf8 60. e6
fxe6+ 1-0

[Event "Aeroflot Open A 2018"]
[Site "Moscow RUS"]
[Date "2018.02.26"]
[Round "7.42"]
[White "Golubov, Saveliy"]
[Black "Pichot, Alan"]
[Result "1/2-1/2"]
[WhiteTitle "IM"]
[BlackTitle "GM"]
[WhiteElo "2492"]
[BlackElo "2552"]
[WhiteFideId "24176729"]
[BlackFideId "110973"]
[EventDate "2018.02.20"]

1. d4 Nf6 2. c4 g6 3. Nc3 Bg7 4. e4 d6 5. h3 O-O 6. Be3 Nbd7 7. Nf3 e5 8. d5 Nc5
9. Nd2 a5 10. a3 c6 11. b4 axb4 12. axb4 Rxa1 13. Qxa1 Na6 14. Qa3 c5 15. bxc5
Nxc5 16. Be2 Nfd7 17. g4 Bf6 18. Bh6 Bg7 19. Be3 Bf6 20. Bh6 1/2-1/2

[Event "Aeroflot Open A 2018"]
[Site "Moscow RUS"]
[Date "2018.02.26"]
[Round "7.43"]
[White "Salomon, Johan"]
[Black "Gagare, Shardul"]
[Result "1-0"]
[WhiteTitle "GM"]
[BlackTitle "GM"]
[WhiteElo "2503"]
[BlackElo "2494"]
[WhiteFideId "1509500"]
[BlackFideId "5037883"]
[EventDate "2018.02.20"]

1. Nf3 d5 2. g3 Nf6 3. Bg2 Bf5 4. O-O e6 5. d3 Be7 6. Nh4 Bg4 7. h3 Bh5 8. g4
Nfd7 9. Nf5 exf5 10. gxh5 c6 11. Nd2 Nf6 12. e4 fxe4 13. dxe4 dxe4 14. Nxe4 O-O
15. Nxf6+ Bxf6 16. Qg4 Na6 17. Rd1 Qc8 18. Be3 Nc7 19. Qxc8 Rfxc8 20. Rd7 a5 21.
a4 Nd5 22. Bxd5 cxd5 23. c3 Rd8 24. Rxb7 d4 25. cxd4 Bxd4 26. Bf4 h6 27. Rc1 Ra6
28. Rb5 Rf6 29. Bg3 Bb6 30. Rc2 Re6 31. Kg2 g6 32. Rc3 gxh5 33. Rcb3 h4 34. Bxh4
Rd4 35. Bg3 Bd8 36. Rc3 Kh7 37. b3 Kg6 38. Be5 Rb4 39. Rg3+ Kf5 40. Rf3+ Kg6 41.
Rd5 f6 42. Bc3 Rb8 43. Bxa5 Be7 44. Bc7 Rb7 45. Bd8 Bxd8 46. Rxd8 Reb6 47. Rdd3
Kf7 48. Kf1 Rc6 49. Rc3 Rd6 50. Ke2 h5 51. Rfd3 Re6+ 52. Re3 Rd6 53. Rcd3 Rc6
54. Kd2 Rb4 55. Rc3 Rcb6 56. Kc2 Rf4 57. Rf3 Re4 58. Rce3 Rd4 59. Rc3 Re4 60.
Rc5 h4 61. a5 Rd6 62. Rc4 Re2+ 63. Kc3 Ra2 64. Rc5 Rdd2 65. Kb4 Rd6 66. Kb5 Ra3
67. Rfc3 Ra2 68. Rc2 Ra3 69. Kb4 Ra1 70. Rc1 Ra2 71. R5c2 Rd4+ 72. Kc3 Rxc2+ 73.
Rxc2 1-0

[Event "Aeroflot Open A 2018"]
[Site "Moscow RUS"]
[Date "2018.02.26"]
[Round "7.44"]
[White "Bellaiche, Anthony"]
[Black "Belyakov, Bogdan"]
[Result "0-1"]
[WhiteTitle "IM"]
[BlackTitle "IM"]
[WhiteElo "2485"]
[BlackElo "2486"]
[WhiteFideId "615668"]
[BlackFideId "24104795"]
[EventDate "2018.02.20"]

1. d4 Nf6 2. c4 g6 3. Nc3 Bg7 4. e4 d6 5. Nf3 O-O 6. Be2 e5 7. O-O Nc6 8. d5 Ne7
9. Nd2 a5 10. Rb1 Nd7 11. a3 f5 12. b4 axb4 13. axb4 Kh8 14. Qc2 Nf6 15. f3 Nh5
16. c5 Nf4 17. Nc4 Ng8 18. Be3 Nf6 19. Kh1 N6h5 20. cxd6 cxd6 21. g3 Nxe2 22.
Qxe2 fxe4 23. Nxe4 Bf5 24. Rbc1 b5 25. Na5 Qd7 26. Nf2 e4 27. fxe4 Bh3 28. Rg1
Rxf2 29. Bxf2 Bg4 30. Qe3 Rf8 31. h3 Bxh3 32. Be1 Bg4 33. Bc3 Bf3+ 34. Kh2 Qg4
35. Rcf1 Nf4 36. Bxg7+ Kxg7 0-1

[Event "Aeroflot Open A 2018"]
[Site "Moscow RUS"]
[Date "2018.02.26"]
[Round "7.45"]
[White "Pogonina, Natalija"]
[Black "Sargsyan, Shant"]
[Result "1/2-1/2"]
[WhiteTitle "WGM"]
[BlackTitle "IM"]
[WhiteElo "2478"]
[BlackElo "2481"]
[WhiteFideId "4147855"]
[BlackFideId "13306766"]
[EventDate "2018.02.20"]

1. d4 Nf6 2. c4 e6 3. g3 d5 4. Nf3 Bb4+ 5. Bd2 Be7 6. Bg2 O-O 7. O-O Nbd7 8. Qc2
c6 9. Rd1 b6 10. b3 Ba6 11. a4 Ne4 12. Be1 f5 13. a5 b5 14. cxd5 cxd5 15. Qc6
Nd6 16. Ne5 Nxe5 17. dxe5 Bb7 18. Qc2 Ne4 19. Qb2 b4 20. e3 Ba6 21. Kh1 Nc5 22.
Kg1 Rc8 23. Bf1 Bxf1 24. Kxf1 Qe8 25. Rd4 Ne4 26. Kg2 Qb5 27. Nd2 Bc5 28. Nf3
Bxd4 29. Nxd4 Qa6 30. Bxb4 Rfe8 31. h4 Qb7 32. Qa3 a6 33. Re1 Qc7 34. f3 Qxe5
35. fxe4 Qxe4+ 36. Kf2 e5 37. Nf3 Rc2+ 38. Bd2 Re6 39. Re2 h6 40. Qb4 Kh7 41.
Qb8 Rcc6 1/2-1/2

[Event "Aeroflot Open A 2018"]
[Site "Moscow RUS"]
[Date "2018.02.27"]
[Round "8.1"]
[White "Kovalev, Vladislav"]
[Black "Tabatabaei, M.amin"]
[Result "1-0"]
[WhiteTitle "GM"]
[BlackTitle "IM"]
[WhiteElo "2641"]
[BlackElo "2577"]
[WhiteFideId "13504398"]
[BlackFideId "12521213"]
[EventDate "2018.02.20"]

1. e4 e6 2. d4 d5 3. Bd3 dxe4 4. Bxe4 Nf6 5. Bf3 c5 6. Ne2 Nc6 7. Be3 Nd5 8.
Bxd5 Qxd5 9. Nbc3 Qxg2 10. Rg1 Qf3 11. Nb5 Rb8 12. dxc5 f6 13. Nd6+ Bxd6 14.
Qxd6 g6 15. Rd1 Rf8 16. Nd4 Qd5 17. Qxd5 exd5 18. Bf4 Nxd4 19. Rxd4 Ra8 20. Rxd5
Be6 21. Rd6 Kf7 22. Kd2 g5 23. Be3 Rfd8 24. Rxd8 Rxd8+ 25. Kc3 Rd7 26. a4 h5 27.
b4 a6 28. b5 axb5 29. axb5 Bf5 30. Ra1 Be4 31. Ra4 Bf3 32. Ra8 Rd1 33. Rc8 Ke6
34. Bd4 Rc1 35. Kb2 Rh1 36. Rf8 f5 37. Rf6+ Kd5 38. c6 bxc6 39. b6 1-0

[Event "Aeroflot Open A 2018"]
[Site "Moscow RUS"]
[Date "2018.02.27"]
[Round "8.2"]
[White "Korobov, Anton"]
[Black "Artemiev, Vladislav"]
[Result "1/2-1/2"]
[WhiteTitle "GM"]
[BlackTitle "GM"]
[WhiteElo "2664"]
[BlackElo "2697"]
[WhiteFideId "14105730"]
[BlackFideId "24101605"]
[EventDate "2018.02.20"]

1. d4 Nf6 2. c4 g6 3. g3 Bg7 4. Bg2 d5 5. Nf3 O-O 6. O-O c6 7. Qb3 a5 8. Nc3 a4
9. Qb4 dxc4 10. Qxc4 Qa5 11. Re1 Bg4 12. e4 Nbd7 13. Bd2 Qh5 14. Nh4 g5 15. Nf5
e5 16. Nxg7 Kxg7 17. Nd1 Rfe8 18. Ne3 exd4 19. Qxd4 Ne5 20. Bc3 Bf3 21. Nf5+ Kg8
22. Qb4 Bxg2 23. Kxg2 Qf3+ 24. Kg1 Nd3 25. Qd4 Rad8 26. Qxf6 Qxf2+ 27. Kh1 Qf3+ 1/2-1/2

[Event "Aeroflot Open A 2018"]
[Site "Moscow RUS"]
[Date "2018.02.27"]
[Round "8.3"]
[White "Lysyj, Igor"]
[Black "Sargissian, Gabriel"]
[Result "1/2-1/2"]
[WhiteTitle "GM"]
[BlackTitle "GM"]
[WhiteElo "2618"]
[BlackElo "2677"]
[WhiteFideId "4150120"]
[BlackFideId "13300881"]
[EventDate "2018.02.20"]

1. d4 d5 2. c4 e6 3. Nf3 Nf6 4. g3 Bb4+ 5. Bd2 Be7 6. Bg2 O-O 7. O-O Nbd7 8. Qc2
c6 9. a3 b6 10. cxd5 cxd5 11. Rc1 Bb7 12. Qd1 Rc8 13. Rxc8 Qxc8 14. Bb4 Qd8 15.
e3 Ne4 16. Nbd2 Nxd2 17. Qxd2 Nb8 18. Rc1 Nc6 19. Bxe7 Qxe7 20. Bf1 Rc8 21. Bd3
Qd8 22. Rc2 Ne7 23. Ne5 f6 24. Nf3 Rc6 25. Rxc6 Bxc6 26. Qc2 h6 27. Nd2 Be8 28.
Nb1 1/2-1/2